000 004390000a22001570004500
090 _aAR
_b01610
245 1 0 _aBat generated fig seed shadow in rainforest
650 1 4 _aMurciélagos
_92659
650 1 4 _aDispersión de semillas
_992588
650 1 4 _aBiología
_992
651 4 _pCosta Rica
_992749
041 0 _aInglés
100 1 _aJanzen, Daniel H.
_93808
942 _cARTICULO
773 1 _tMangroves of Arid Puerto Rico
_3566
_q1-1
_d1978?
999 _c10691
_d10691